| 000 | 00845cab a22002055a 4500 | ||
|---|---|---|---|
| 001 | L152791 | ||
| 008 | 110428e20110326xxk 000 0 eng d | ||
| 035 | _a(Sirsi) u152791 | ||
| 041 | 0 | _aeng | |
| 100 | 1 | _aEdwards, Martin | |
| 245 | 0 | 0 | _aInsistence on payments may stretch LPAs' remit |
| 260 | _c2011 | ||
| 490 |
_aEstates Gazette _v(1112) 26 March 2011, 112(1) |
||
| 520 | _aExamines attempts by developers to modify or discharge contributions in the context of two recent cases; R (on the application of Renaissance Habitat Ltd) v West Berkshire District Council [2011] and R (on the application of Millgate Developments Ltd) v Wokingham Borough Council [2011]. | ||
| 590 | _aKA | ||
| 651 | 4 |
_aEngland and Wales _y1543- |
|
| 690 | _aENVIRONMENTAL AND LAND CONSULTANCY-PLANNING AND DEVELOPMENT | ||
| 700 | 1 | _aMartin, John | |
| 942 | _n0 | ||
| 999 |
_c83094 _d83094 |
||